Normal view
MARC view
- السينما - فريق عمل - مرشد داخل الأستديو
Entry Topical Term
001 - CONTROL NUMBER
- control field: 8827
003 - CONTROL NUMBER IDENTIFIER
- control field: JO-AjAnu
005 - DATE AND TIME OF LATEST TRANSACTION
- control field: 20230606071725.0
008 - FIXED-LENGTH DATA ELEMENTS
- fixed length control field: 230606|| aca||aabn | a|a d
040 ## - CATALOGING SOURCE
- Original cataloging agency: JO-AjAnu
- Transcribing agency: JO-AjAnu
150 ## - HEADING--TOPICAL TERM
- Topical term or geographic name entry element: السينما - فريق عمل - مرشد داخل الأستديو
670 ## - SOURCE DATA FOUND
- Source citation: Work cat.: (JO-AjAnu)4554: تأليف فيرغسن،روبرت ؛ ترجمة مجيد ياسين, author 8826, فريق العمل السينمائي ( مرشد للعمل داخل الأستديو )